Statistics for Manchester Citys Last 10 Managers

Click here to take the quiz!

General Stats

  • This quiz has been taken 75 times
  • The average score is 6 of 10

Answer Stats

YearsAnswer% Correct
2016-PresentGuardiola
99%
2009-2013Mancini
94%
2013-2016Pellegrini
90%
2008-2009Hughes
78%
2007-2008Eriksson
57%
2001-2005Keegan
55%
2005-2007Pearce
54%
2013Kidd
51%
1998-2001Royle
34%
1996-1998Clark
21%

Score Distribution

Percentile by Number Answered

Percent of People with Each Score

Your Score History

You have not taken this quiz